MS SQL Server 2005 Developing Client/Server application: (Record no. 5108)

MARC details
000 -LEADER
fixed length control field 00544nam a22001937a 4500
003 - CONTROL NUMBER IDENTIFIER
control field OSt
005 - DATE AND TIME OF LATEST TRANSACTION
control field 20160830151606.0
008 - FIXED-LENGTH DATA ELEMENTS--GENERAL INFORMATION
fixed length control field 160830b xxu||||| |||| 00| 0 eng d
020 ## - INTERNATIONAL STANDARD BOOK NUMBER
International Standard Book Number 1931769559
040 ## - CATALOGING SOURCE
Transcribing agency DDC.
082 ## - DEWEY DECIMAL CLASSIFICATION NUMBER
Classification number 004.36PIR 2007
100 ## - MAIN ENTRY--PERSONAL NAME
Personal name Pirogov,Vlad;
9 (RLIN) 10943
245 ## - TITLE STATEMENT
Title MS SQL Server 2005 Developing Client/Server application:
260 ## - PUBLICATION, DISTRIBUTION, ETC. (IMPRINT)
Place of publication, distribution, etc. East Swedesford.
Name of publisher, distributor, etc. A-List,LLC;
Date of publication, distribution, etc. 2007.
300 ## - PHYSICAL DESCRIPTION
Extent xii,371p;
Other physical details ill;
Dimensions 25cm.
504 ## - BIBLIOGRAPHY, ETC. NOTE
Bibliography, etc includes index.
650 ## - SUBJECT ADDED ENTRY--TOPICAL TERM
Topical term or geographic name as entry element Client Server Applications.
9 (RLIN) 10944
942 ## - ADDED ENTRY ELEMENTS (KOHA)
Source of classification or shelving scheme Dewey Decimal Classification
Koha item type Open Shelf
Holdings
Withdrawn status Lost status Source of classification or shelving scheme Damaged status Not for loan Home library Current library Date acquired Source of acquisition Inventory number Total Checkouts Full call number Barcode Date last seen Price effective from Koha item type
    Dewey Decimal Classification     MUST Main Library MUST Main Library 30/08/2016   11/34001   004.36PIR 2007 2016-3932 30/08/2016 30/08/2016 Open Shelf